Rímskokatolícka cyrilometodská bohoslovecká fakulta UK a kňazský seminár v Bratislave urbanisticko-architektonická súťaž

Bibliographic Details
Main Author: Gojdič, Ivan, 1948- (Author)
Format: Article
Language:Slovak
PhysicalDescription:Obr.
ISSN:1335-3268
Subjects:

MARC

LEADER 00000nab a2200000 a 4500
001 vtls000796692
003 SK-MaSNL
005 20260426062830.0
008 180206c2002 xo 0 slo
015 |a SNBRB2002/06-18711 
035 |a CLN000148347 
040 |a SNKBUCL  |b slo  |c SNKBUCL  |e AACR2 
041 0 |a slo 
044 |a xo  |c SK 
080 |a 727.3(437.6):711.57  |2 UDC-MRF-SK2 
080 |a 711.57(437.6)  |2 UDC-MRF-SK2 
100 1 |a Gojdič, Ivan,  |d 1948-  |4 aut  |9 236021 
245 1 0 |a Rímskokatolícka cyrilometodská bohoslovecká fakulta UK a kňazský seminár v Bratislave  |b urbanisticko-architektonická súťaž  |c Ivan Gojdič 
300 |b Obr. 
610 2 7 |a Univerzita Komenského v Bratislave.  |b Rímskokatolícka cyrilometodská bohoslovecká fakulta  |2 snkbucl 
651 7 |a Bratislava (Slovensko)  |2 snkbucl  |9 14568 
655 7 |a články z novín a časopisov  |2 snkbucl  |9 267496 
773 0 |x 1335-3268  |t ARCH  |g Roč. 7, č. 4 (2002), s. 14-19 
850 |a Slovenská národná knižnica v Martine 
852 |a SNK  |b KIS3GCP 
958 |a RBX 
999 |c 2549921  |d 2551851